| 000 | 01034nam a2200325Ia 4500 | ||
|---|---|---|---|
| 001 | 16658 | ||
| 003 | IT-RoPAU | ||
| 008 | 130308s9999 xx 000 0 und d | ||
| 040 | _aIT-RoPAU | ||
| 040 | _cIT-RoPAU | ||
| 041 | _aITALIANO | ||
| 100 | _aRossellini Roberto | ||
| 100 | _gCodice Aut. SPICS: 1870 | ||
| 245 | _aTrilogia della guerra (La) | ||
| 245 | _bTrilogia della Guerra (La) | ||
| 250 | _a1a ed. | ||
| 260 | _aBOLOGNA | ||
| 260 | _bCappelli | ||
| 260 | _c1972 [1° Ed.:1972 - Ed.Ling.Originale:1972] | ||
| 300 | _a"314 p. (prefazione: no ; testo: 314)" | ||
| 500 | _a* Roma, Città Aperta di Rossellini (Sceneggiatura)* Paisà di Rossellini (Sceneggiatura)* Germania Anno Zero di Rossellini (Sceneggiatura)Dal Soggetto al Film neorealismo Italiano Filmografia di Roberto Rossellini | ||
| 650 | _aAUTORI/OPERE DEL CINEMA | ||
| 650 | _eCodice materia Spics: 6807 | ||
| 700 | _aRoncoroni Stefano | ||
| 700 | _gCodice Aut. SPICS: 1911 | ||
| 942 | _cBK | ||
| 957 | _71 | ||
| 999 |
_c71956 _d71956 |
||
| 999 | _bSI | ||
| 999 | _g1 | ||